Shrimp-turtle decision in WTO: economic and systemic implication for developing countries (Record no. 53317)

000 -LEADER
fixed length control field 01049pab a2200181 454500
008 - FIXED-LENGTH DATA ELEMENTS--GENERAL INFORMATION
fixed length control field 180718b2002 xxu||||| |||| 00| 0 eng d
100 ## - MAIN ENTRY--PERSONAL NAME
Personal name Srivastava, Jayati
245 ## - TITLE STATEMENT
Title Shrimp-turtle decision in WTO: economic and systemic implication for developing countries
260 ## - PUBLICATION, DISTRIBUTION, ETC.
Date of publication, distribution, etc. 2002
300 ## - PHYSICAL DESCRIPTION
Extent p.3445-455.
362 ## - DATES OF PUBLICATION AND/OR SEQUENTIAL DESIGNATION
Dates of publication and/or sequential designation 17 Aug
520 ## - SUMMARY, ETC.
Summary, etc. This paper looks at the shrimp-turtle dispute between the US and shrimp exporting countries, including India. The US impositionof a ban on import of shrimps caught using methods endangering sea turtles has not affected Indian exports adversely. However, the ruling of the appellate body of the WTO has far-reaching implications as it virtually mainstreams environment in the world trade regime. It also legitimises the imposition of unilateral trade sanctions and process-related requirements to protect the environment. - Reproduced.
650 ## - SUBJECT ADDED ENTRY--TOPICAL TERM
Topical term or geographic name entry element World Trade Organization
650 ## - SUBJECT ADDED ENTRY--TOPICAL TERM
Topical term or geographic name entry element International trade
700 ## - ADDED ENTRY--PERSONAL NAME
Personal name Ahuja, Rajeev
773 ## - HOST ITEM ENTRY
Main entry heading Economic and Political Weekly
909 ## -
-- 53317
Holdings
Withdrawn status Lost status Damaged status Not for loan Permanent Location Current Location Date acquired Serial Enumeration / chronology Barcode Date last seen Price effective from Koha item type
        Indian Institute of Public Administration Indian Institute of Public Administration 2018-07-19 Volume no: 37, Issue no: 33 AR53754 2018-07-19 2018-07-19 Articles

Powered by Koha